Test culture générale- 5 - Statistiques

Statistiques générales
  • Ce quiz a été pris 6 362 fois
  • Le résultat moyen est 7 sur 10
Statistiques - réponses
Questions Réponses % Correct
Parmi ces marques de voiture, laquelle n’est pas allemande: Ford, Audi, Volkswagen et Mercedes? Ford
98%
Combien de films sur la saga Harry Potter ont été réalisés? 8
97%
Quel animal peut être marteau, tigre ou pèlerin? Le requin
94%
On écrit un « chou-fleur » au singulier. Comment s’écrit-il au pluriel? Choux-fleurs
89%
En quelle année Neil Amstrong a-t-il déclaré: « C’est un petit pas pour l’Homme, un bon de géant pour l’humanité »? En 1969
82%
Combien d’Oscars le film Ben-Hur (1959) a-t-il reçu? 11
73%
Quelle superstar américaine de la chanson a commencé se carrière dans le groupe Destiny’s Child? Beyonce
57%
Quel célèbre égyptologue fut le premier à déchiffrer les hiéroglyphes? Jean-François Champollion
34%
Dans quel pays peut-on trouver le mont Elbrouz? La Russie
30%
À quel écricain doit-on les livres Soumission ou La Carte et le Territoire? Michel Houellebecq
12%
Aucun quiz correspondant
Distribution des résultats
% des personnes avec chaque résultat
Percentile par nombre de réponses
Votre historique - résultats
Vous n’avez pas pris ce quiz